Normal view
MARC view
- Avadhanulu, M . N Kshirsagar, P . G
Entry Personal Name
001 - CONTROL NUMBER
- control field: 61373
003 - CONTROL NUMBER IDENTIFIER
- control field: NUST
005 - DATE AND TIME OF LATEST TRANSACTION
- control field: 20210628202736.0
008 - FIXED-LENGTH DATA ELEMENTS
- fixed length control field: 210628|| aca||aabn | a|a d
040 ## - CATALOGING SOURCE
- Original cataloging agency: NUST
- Transcribing agency: NUST
100 ## - HEADING--PERSONAL NAME
- Personal name: Avadhanulu, M . N Kshirsagar, P . G
670 ## - SOURCE DATA FOUND
- Source citation: Work cat.: (NUST): Avadhanulu, M . N Kshirsagar, P . G, A textbook of engineering physics, 2005
